| 000 | 00373nam a22001217a 4500 | ||
|---|---|---|---|
| 082 | _a342.954106 | ||
| 100 | _aJanjua, Zia-Ul-Islam | ||
| 245 |
_aManual of Civil Service Laws in Pakistan / _cZia-Ul-Islam Janjua |
||
| 260 |
_aLahore : _bNational Law Reporter, _cN.D. |
||
| 300 |
_a1296 p. ; _c24cm. |
||
| 942 |
_2ddc _cBK |
||
| 999 |
_c540993 _d540993 |
||